000 01167nam a2200241 4500
001 112957
003 ES-MaACL
005 20230906185718.0
007 t|
008 061121s1985 sp r ||||1| spa d
245 0 0 _aNuevas tendencias escénicas
_b: la escritura teatral a debate : [ponencias y coloquios del Encuentro de autores teatrales] /
_cCentro Nacional de Nuevas Tendencias Escénicas.
260 _aMadrid :
_bMinisterio de Cultura, Dirección General de Música y Teatro,
_c1985.
300 _a275 p. ;
_c24 cm.
490 1 _aTeoría escénica ;
_v1
500 _aRecopilación de 23 ponencias de un Encuentro organizado por el Centro Nacional de Nuevas Tendencias Escénicas, en colaboración con el Centro de Documentación Teatral.
710 1 _aEspaña.
_bDirección General de Música y Teatro.
_93760
710 2 _aCentro Nacional de Nuevas Tendencias Escénicas (España)
_9134239
710 2 _aCentro de Documentación Teatral (España)
_92605
711 2 _aEncuentro sobre la Escritura Teatral a Debate (
_cMadrid (
_d1984)
_9135132
830 0 _aTeoría escénica ;
_v1
_9230425
852 _aES-MaACL
_jL-10618
999 _c112957
_d112957